Top 100 Most Common French Words - Statistics

General Stats
  • This quiz has been taken 258 times
  • The average score is 33 of 100
Answer Stats
Hint Answer % Correct
#4 à
91%
#1 le
81%
#13 il
78%
#22 je
77%
#2 de
75%
#38 elle
75%
#61 me
75%
#3 un
72%
#50 vous
72%
#6 et
68%
#33 ou
68%
#48
68%
#31 nous
67%
#12 ce
61%
#9 que
61%
#60 mon
59%
#75 non
59%
#17 se
58%
#29 on
57%
#10 pour
57%
#7 en
56%
#5 être
54%
#8 avoir
53%
#14 qui
53%
#34 si
52%
#94 bon
49%
#21 par
49%
#18 pas
49%
#26 son
49%
#15 ne
48%
#53 aller
47%
#11 dans
46%
#41 deux
44%
#25 faire
44%
#32 comme
43%
#23 avec
41%
#73 notre
39%
#36 y
39%
#16 sur
38%
#30 mais
37%
#78 jour
34%
#64 lui
33%
#71 sans
30%
#24 tout
30%
#47 bien
28%
#19 plus
27%
#69 voir
27%
#76 an
25%
#37 dire
25%
#35 leur
24%
#91 peu
23%
#20 pouvoir
23%
#82 après
22%
#67 savoir
22%
#40 avant
20%
#66 très
20%
#59 grand
19%
#43 prendre
19%
#88 venir
19%
#44 aussi
18%
#46 donner
18%
#42 même
18%
#27 mettre
18%
#62 moins
18%
#86 part
18%
#57 vouloir
18%
#39 devoir
16%
#55 entre
16%
#99 heure
16%
#65 temps
16%
#81 alors
15%
#28 autre
14%
#49 fois
14%
#87 dernier
13%
#90 passer
13%
#100 rester
13%
#54 cela
11%
#68 falloir
11%
#56 premier
11%
#63 aucun
10%
#45 celui
10%
#96 depuis
10%
#74 dont
10%
#51 encore
10%
#77 monde
10%
#97 point
10%
#70 quelque
10%
#83 trouver
10%
#95 comprendre
9%
#79 monsieur
9%
#52 nouveau
9%
#84 personne
9%
#58 déjà
8%
#89 pendant
8%
#72 raison
8%
#85 rendre
8%
#80 demander
6%
#93 suite
6%
#98 ainsi
5%
#92 lequel
4%
No matching quizzes found
Score Distribution
Percent of People with Each Score
Percentile by Number Answered
Your Score History
You have not taken this quiz